| 000 | 00906pam a2200277 a 4500 | ||
|---|---|---|---|
| 001 | 2709 | ||
| 005 | 20240816141247.0 | ||
| 020 | _a0590331558 | ||
| 040 |
_aDLC _beng _cDLC _dDLC |
||
| 050 | 0 | 0 |
_aPZ7.W6685 _b1982 |
| 082 | 0 | 0 | _a813 |
| 100 | 1 | _aWilliams, Vera B | |
| 245 | 1 | 2 |
_aA chair for my mother / _cby Vera B. Williams. |
| 250 | _aPrinted in the U.S.A | ||
| 260 |
_aNew York : _bScholastic, _c1982 |
||
| 300 |
_a30 unnumbered pages : _bcolor illustrations ; _c21 cm . |
||
| 505 | _aM | ||
| 520 | _aA child, her waitress mother, and her grandmother save dimes to buy a comfortable armchair after all their furniture is lost in a fire. | ||
| 521 |
_a530
_bLexile |
||
| 521 |
_aM
_bRaz-Plus |
||
| 650 | 1 |
_aFamily life _xFiction. |
|
| 650 | 1 |
_aSaving and investment _xFiction. |
|
| 650 | 1 |
_aChairs _xFiction. |
|
| 906 |
_a7 _bcbc _corignew _d1 _eocip _f19 _gy-gencatlg |
||
| 942 |
_2ddc _cBK _n0 |
||
| 999 |
_c2709 _d2709 |
||